|
|
|
|
| LEADER |
00000nab a2200000 a 4500 |
| 001 |
vtls000869683 |
| 003 |
SK-MaSNL |
| 005 |
20260426083126.0 |
| 008 |
250429c2004 xo 0 slo |
| 015 |
|
|
|a SNBRB2004/04-12622
|
| 035 |
|
|
|a CLN000221235
|
| 035 |
|
|
|a urn:nbn:sk:snk-ab34hc
|
| 035 |
|
|
|a (urnnbn)urn:nbn:sk:snk:ar-a05v0n
|
| 035 |
|
|
|a (uuid)6a42ba6c-565a-4780-987b-995c23d4be36
|
| 040 |
|
|
|a SNKBUCL
|b slo
|c SNKBUCL
|e AACR2
|
| 041 |
0 |
|
|a slo
|
| 044 |
|
|
|a xo
|c SK
|
| 080 |
|
|
|a 618.5-089.888.61(437.6):93/99
|2 1997
|
| 100 |
1 |
|
|a Kiss, László
|4 aut
|9 8322
|
| 245 |
1 |
0 |
|a Storočie heroických výkonov - k histórii cisárskeho rezu na Slovensku v 19. storočí
|c László Kiss
|
| 300 |
|
|
|b Obr.
|
| 504 |
|
|
|a Bibliogr. odkazy
|
| 600 |
1 |
7 |
|a Fleischer, Jozef,
|d 1829-1877
|2 snkbucl
|9 233778
|
| 600 |
1 |
7 |
|a Török, József,
|d 1813-1894
|2 snkbucl
|9 27311
|
| 600 |
1 |
7 |
|a Majorossy, Géza
|d 1840-1881
|2 snkbucl
|9 1443158
|
| 600 |
1 |
7 |
|a Pongrácz, Mihály,
|d 1805-1879
|2 snkbucl
|9 1101426
|
| 600 |
1 |
7 |
|a Sägner, Max
|d 1853-1903
|2 snkbucl
|9 1443159
|
| 650 |
0 |
7 |
|a ránhojiči
|x história
|2 MESH
|9 1443160
|
| 650 |
0 |
7 |
|a rez cisársky
|x história
|2 MESH
|9 1443161
|
| 650 |
0 |
7 |
|a lekári
|2 MESH
|9 3195
|
| 651 |
|
7 |
|a Slovensko
|2 snkbucl
|9 14231
|
| 651 |
|
7 |
|a Slovensko
|2 MESH
|9 14231
|
| 655 |
|
7 |
|a články z novín a časopisov
|2 snkbucl
|9 267496
|
| 773 |
0 |
|
|t Praktická gynekológia
|g Vol. 11, no. 1 (2004), p. 35-38
|x 1335-4221
|
| 850 |
|
|
|a Slovenská národná knižnica
|
| 852 |
|
|
|a Slovenská národná knižnica
|
| 954 |
|
|
|a odborná, vedecká literatúra pôvodná (slovenská)
|2 lita
|
| 958 |
|
|
|a article27
|
| 958 |
|
|
|a MI
|
| 958 |
|
|
|a NB
|
| 958 |
|
|
|a SK
|
| 958 |
|
|
|a OND
|
| 958 |
|
|
|a EUIPO
|
| 999 |
|
|
|c 2895853
|d 2897783
|